| 000 -LEADER |
| fixed length control field |
01201nam a22001577a 4500 |
| 008 - FIXED-LENGTH DATA ELEMENTS--GENERAL INFORMATION |
| fixed length control field |
210806b ||||| |||| 00| 0 eng d |
| 100 ## - MAIN ENTRY--PERSONAL NAME |
| Personal name |
Bayer, P., Mangu, K. and Roberts J W. |
| 245 ## - TITLE STATEMENT |
| Title |
Speculative fever: Investor contagion in the housing bubble |
| 260 ## - PUBLICATION, DISTRIBUTION, ETC. (IMPRINT) |
| Place of publication, distribution, etc |
The American Economic Review |
| 300 ## - PHYSICAL DESCRIPTION |
| Extent |
3(2), Feb, 2021: p.609-651 |
| 520 ## - SUMMARY, ETC. |
| Summary, etc |
Historical anecdotes abound of new investors being drawn into a booming asset market, only to suffer when the market turns. While the role of investor contagion in asset bubbles has been explored extensively in the theoretical literature, causal empirical evidence on the topic is much rarer. This paper studies the recent boom and bust in the US housing market and establishes that many novice investors entered the market as a direct result of observing investing activity of multiple forms in their own neighborhoods and that "infected" investors performed poorly relative to other investors along several dimensions. – Reproduced |
| 650 ## - SUBJECT ADDED ENTRY--TOPICAL TERM |
| Topical term or geographic name as entry element |
Equities; Fixed Income Securities, Household Finance: Household Saving, Borrowing, Debt, Wealth |
| 9 (RLIN) |
28337 |
| 773 ## - HOST ITEM ENTRY |
| Main entry heading |
The American Economic Review |
| 906 ## - LOCAL DATA ELEMENT F, LDF (RLIN) |
| Subject DIP |
EQUISITIES |
| 942 ## - ADDED ENTRY ELEMENTS (KOHA) |
| Item type |
Articles |